000 00345nam a2200145Ia 4500
003 OSt
005 20240415101204.0
008 170523s9999 xx 000 0 und d
020 _a9788179923269
040 _cIIMT UNIVERSITY, MEERUT
100 _aRETHMAN
245 0 _a50 COMPANIES THAT CHANGE
260 _bTATA MC GRAW HILL
942 _2ddc
_c02
999 _c2001
_d2001